Normal view
MARC view
- التسرب المدرسي-صعوبات تعلم
Entry Topical Term
001 - CONTROL NUMBER
- control field: 63516
003 - CONTROL NUMBER IDENTIFIER
- control field: JO-AjAnu
005 - DATE AND TIME OF LATEST TRANSACTION
- control field: 20230606084351.0
008 - FIXED-LENGTH DATA ELEMENTS
- fixed length control field: 230606|| aca||aabn | a|a d
040 ## - CATALOGING SOURCE
- Original cataloging agency: JO-AjAnu
- Transcribing agency: JO-AjAnu
150 ## - HEADING--TOPICAL TERM
- Topical term or geographic name entry element: التسرب المدرسي-صعوبات تعلم
670 ## - SOURCE DATA FOUND
- Source citation: Work cat.: (JO-AjAnu)32384: اعداد ابو واكد، بيان احمد عطوة؛ اشراف محمد عمر ابو الرب, author 63515, احالة الطلبة ذوي صعوبات التعلم الى غرف المصادر وعلاقته بالتسرب المدرسي من وجهة نظر اولياء الامور=Referring Students With Learning Disabilities to Resource Rooms and its Relationship to School Dropout From the parents' Point of View